US State Capitals (harder thAn usual :) ) - Statistics

General Stats
  • This quiz has been taken 40 times
  • The average score is 43 of 50
Answer Stats
Capital % Correct
Sacramento
100%
Olympia
97%
Phoenix
97%
Raleigh
97%
Tallahassee
97%
Albany
95%
Atlanta
95%
Austin
95%
Denver
95%
Juneau
95%
Salem
95%
Boise
92%
Honolulu
92%
Santa Fe
92%
Augusta
89%
Carson City
89%
Columbus
89%
Harrisburg
89%
Jackson
89%
Oklahoma City
89%
Baton Rouge
86%
Bismarck
86%
Boston
86%
Hartford
86%
Indianapolis
86%
Montgomery
86%
Nashville
86%
Providence
86%
Salt Lake City
86%
Topeka
86%
Columbia
84%
Dover
84%
Frankfort
84%
Lansing
84%
Pierre
84%
Springfield
84%
Annapolis
81%
Cheyenne
81%
Des Moines
81%
Lincoln
81%
Madison
81%
Trenton
81%
Helena
78%
Jefferson City
78%
Little Rock
78%
Charleston
76%
Concord
76%
Montpelier
76%
Richmond
76%
Saint Paul
73%
No matching quizzes found
Score Distribution
Percent of People with Each Score
Percentile by Number Answered
Your Score History
You have not taken this quiz